| 000 | 01064nac a22002651u 4500 | ||
|---|---|---|---|
| 008 | 091208t2006 wau||||| |||| 001 0 eng d | ||
| 010 | _a013522793 | ||
| 020 | _a1582120749 (hbk.) | ||
| 028 | _bwww.bl.uk | ||
| 082 |
_a615.1 _222 _bDRU |
||
| 100 |
_a20080729 _99763 |
||
| 245 |
_aHandbook of Nonprescription Drugs: _ban interactive approach to self-care / _cRosemary R. Berardi ... [et al.]. |
||
| 250 | _a15th ed. | ||
| 260 |
_aWashington, D.C.: _bAmerican pharmacists Association, _c2006 |
||
| 300 |
_a1235 p. : _b ill. ; _c 29 cm. |
||
| 500 | _aPrevious ed.: 2004. | ||
| 500 | _aFormerly CIP. Uk . | ||
| 504 | _aIncludes bibliographic references and index. | ||
| 650 |
_aDrugs, Nonprescription -- Handbooks, manuals, etc. _99764 |
||
| 650 |
_aDrugs _99759 |
||
| 700 |
_aBerardi, Rosemary, 1959- _99765 |
||
| 700 |
_aAmerican Pharmaceutical Association. _99766 |
||
| 942 |
_cNB _k615.1DRU _2ddc |
||
| 999 |
_c3109 _d3109 |
||